000
00204 a2200097 4500
001
47547
100
_a
Fullez J
245
_a
Armament history
260
_a
_b
Eyre spottiswood
_c
090
_c
30564
_d
30564
942
_a
NUST-CAE
_c
M
_c
22852
999
_c
282620
_d
282620